Topics in boundary element research : Vol.7.: Electrical engineering applications /

Salvato in:
Dettagli Bibliografici
Altri autori: Brebbia, Carlos A. (Compilatore)
Natura: Libro
Lingua:inglese
Pubblicazione: Berlin : Springer Verlag, 1990
Tags: Aggiungi Tag
Nessun Tag, puoi essere il primo ad aggiungerne!!

MARC

LEADER 00000nam a22000003a 4500
001 stu2409
005 20150617225618.7
008 921005s1990----gw------------------eng-d
040 |a STU  |b slo 
041 0 |a eng 
044 |a gw 
080 |a 621.3  |7 stu_us_auth*stu8325 
080 |a 519.64-7 
100 1 |a Brebbia, Carlos A.  |4 com 
245 1 |a Topics in boundary element research :  |b Vol.7.: Electrical engineering applications /  |c Edit.: Brebbia,C.A 
260 |a Berlin :  |b Springer Verlag,  |c 1990 
300 |a 208 s 
996 |b E71317  |c E*71317  |l EE05  |s P  |a 0  |w stu2409_0002